000 00564nam a2200169Ia 4500
005 20250508155956.0
008 008 250505s9999 xx 000 0 eng d
037 _aBooks to be hide in OPAC
040 _aFEDL
_beng
_cFEDL
041 _aeng
_2eng
084 _a379.5423, NOR/O
_qFEDL
245 0 _aReport on public instruction in the north-west froniter province for 1910-11
260 _aPeshawar, Pakistan
_bNorth-West Frontier Province Government Press
_c1914
300 _a9p.
942 _cHB
_h379.5423, NOR/O
999 _c1360637
_d1360637